000 01435nam0a2200313 4500
001 RU\NLR\bibl\1317326
005 20260405174000.0
010 _a978-5-91338-014-2
_9500
021 _aRU
_b2008-92133
_95393
035 _a(NLR Aleph) 001302701
090 _a629474
_c629474
100 _a20090119d2008 |||y0rusy50 ca
101 0 _arus
102 _aRU
105 _aa |||||||||
200 1 _aПока печалятся колокола
_e[повести и рассказы]
_fИван Евсеенко
210 _aВоронеж
_cЦентр духовного возрождения Черноземного края
_d2008
215 _a589, [2] с.
_cил.
_d21
327 0 _aСодерж.: повести: Седьмая картина; Смертный час; Сарабанда; Пока печалятся колокола; Ветряные мельницы [и др.]; рассказы из цикла "Трагедии нашего времени": Возмездие; Победа; Третий день; Новый год; Линия жизни [и др.]
686 _aШ6(2=Р)75-44
700 1 _4070
_8rus
_7ca
_aЕвсеенко
_bИ. И.
_f1943-2014
_gИван Иванович
_3RU\NLR\AUTH\7775296
_958224
801 0 _aRU
_bNLR
_c20090119
_gRCR
801 1 _aRU
_bNLR
_c20090119
830 _aавт. по кн.
942 _cBOOK
980 _aNB